Представление документа в формате RUSMARC

ПолеНазваниеЗначение
  Тип записи a
  Библиографический уровень m
001 Контрольный номер RU/SLIB/B/208738304
005 Дата корректировки 20201206204046.6
010 Индекс ISBN __
a ISBN 5-86007-213-9
d Цена 72-15
101 Язык документа 0_
a Язык текста rus
c Язык оригинала rus
200 Заглавие и сведения об ответственности 0_
a Заглавие Испанская инквизиция: Палачи и жертвы
f Первые сведения об ответственности З. И. Плавскин
b Общее обозначение материала Текст
210 Выходные данные __
a Место издания СПб.
c Издательство Дмитрий Буланин
d Дата издания 2000
215 Физическое описание __
a Объем 198 с.
c Иллюстрации/тип воспроизводства ил.
330 Аннотация __
a Аннотация Повествуется об инквизиции в Испании.
606 Тематические рубрики __
a Основная рубрика История
y Географическая подрубрика Испания
606 Тематические рубрики __
a Основная рубрика История Европы в целом
606 Тематические рубрики __
a Основная рубрика Религия. Мистика. Свободомыслие
606 Тематические рубрики __
a Основная рубрика Христианство в целом
610 Ключевые слова __
a Ключевые слова палачи; жертвы; епископы; инквизиторы; евреи; мориски; инквизиция; трибуналы; ведьмы; колдуны; казни; церкви; церковная власть; еретики; ересь; персоналии; христианство; средние века; католицизм
686 Индексы других классификаций __
a Классификационный индекс 63.3(4Исп)
686 Индексы других классификаций __
a Классификационный индекс 86.375-3
700 Автор _1
a Фамилия Плавскин
b Имя З. И.
4 Код отношения 070
801 Источник записи _0
a Страна RU
b Организация Муниципальное бюджетное учреждение культуры "Централизованная библиотечная система" г. Сургут (Центральная городская библиотека им. А. С. Пушкина)
g Правила каталогизации КиК/Поспелова
801 Источник записи _1
a Страна RU
b Организация Муниципальное бюджетное учреждение культуры "Централизованная библиотечная система" г. Сургут (Центральная городская библиотека им. А. С. Пушкина)
g Правила каталогизации КиК/Поспелова
852 Данные о местонахождении __
j Шифр хранения 63.3(4Исп)
c Каталожный индекс 63.3(4Исп)-3; 86.375-3
i Авторский знак П 37
901 Тип документа __
t Тип документа m
903 Характеристики (МАРС) __
a Дата передачи 20030514
990 Данные о заказе (DOS) __
j Количество экземпляров (DOS) 7
t N записи в КСУ для И/У (DOS) 200305